000 00261nam a22001097a 4500
008 170118b xxu||||| |||| 00| 0 eng d
020 _a9780781765879
041 _aeng
080 _23RD
_a618.2
245 _aDRUG THERPAY IN NURSING
_cVENABLE, S.J
942 _2udc
_cBK
999 _c3131
_d3131